00518nam a2200109 i 4500001000300000245022900003260002100232040000800253041000800261008004100269856009800310bg NaReferaty na IV sympozjum p.n. Metody heurezy :b24 września 1977. Z.1 /cPolskie Towarzystwo Cybernetyczne. Oddz. w Warszawie, Międzyuczelniany Instytut Filozofii i Socjologii przy UMCS w Lublinie - Zespół Heurystyki. aWarszawa,c1977. cBPK apol s pl f |000 0 pol  uhttp://koha.tu.koszalin.pl/cgi-bin/koha/opac-detail.pl?biblionumber=34864yKatalog online BPK